[Event "ARG-ch sf 97th"]
[Site "Buenos Aires"]
[Date "2022.09.11"]
[Round "5"]
[White "Echeguren, Gustavo Fabian"]
[Black "Avila, Federico"]
[Result "1-0"]
[WhiteElo "1927"]
[BlackElo "1468"]
[PlyCount "115"]
[EventDate "2022.09.08"]
[EventType "swiss"]
[EventRounds "9"]
[EventCountry "ARG"]
[SourceTitle "CBM 210 Extra"]
[Source "ChessBase"]
[SourceDate "2022.11.30"]
[SourceVersion "1"]
[SourceVersionDate "2022.11.30"]
[SourceQuality "1"]

1. d4 Nf6 2. c4 e6 3. Nc3 d5 4. cxd5 Nxd5 5. e4 Nf6 6. Nf3 c5 7. Be2 Be7 8. 0-0 cxd4 9. Nxd4 0-0 10. Be3 a6 11. a4 e5 12. Nb3 Qxd1 13. Rfxd1 Nc6 14. f3 Be6 15. Nd5 Bb4 16. Bb6 Nd7 17. Bf2 Rac8 18. Rac1 Bxd5 19. Rxd5 Nf6 20. Rdd1 Rfd8 21. Bb6 Re8 22. g4 h6 23. h4 g5 24. hxg5 hxg5 25. Be3 Nh7 26. Bc4 Red8 27. Bd5 Kg7 28. Kf2 f6 29. Bb6 Re8 30. Rc4 Be7 31. Be6 Rb8 32. Bd7 Rh8 33. Bxc6 bxc6 34. Rxc6 Kg6 35. Rd7 Rhe8 36. a5 Nf8 37. Ra7 Ra8 38. Rxa8 Rxa8 39. Nc5 Bxc5+ 40. Bxc5 Nh7 41. b4 Kh6 42. Ke2 Kg6 43. Kd3 Kh6 44. Kc4 Kg6 45. Kd5 Rd8+ 46. Rd6 Ra8 47. Kc6 Nf8 48. Kb7 Re8 49. Kxa6 Ne6 50. Bb6 Kf7 51. Rd7+ Kg8 52. Kb7 Nf8 53. Rd6 Re7+ 54. Bc7 Kf7 55. a6 Ne6 56. Rxe6 Rxc7+ 57. Kxc7 Kxe6 58. a7 1-0

[Event "ARG-ch sf 97th"]
[Site "Buenos Aires"]
[Date "2022.09.10"]
[Round "4"]
[White "Avila, Federico"]
[Black "Oro, Faustino"]
[Result "0-1"]
[WhiteElo "1468"]
[BlackElo "2074"]
[PlyCount "56"]
[EventDate "2022.09.08"]
[EventType "swiss"]
[EventRounds "9"]
[EventCountry "ARG"]
[SourceTitle "CBM 210 Extra"]
[Source "ChessBase"]
[SourceDate "2022.11.30"]
[SourceVersion "1"]
[SourceVersionDate "2022.11.30"]
[SourceQuality "1"]

1. e4 c5 2. Nf3 d6 3. d4 cxd4 4. Nxd4 Nf6 5. Nc3 a6 6. Be3 e5 7. Nb3 Be6 8. f3 Be7 9. Qd2 Nbd7 10. g4 0-0 11. 0-0-0 b5 12. g5 b4 13. Nd5 Nxd5 14. exd5 Bf5 15. Qxb4 a5 16. Qd2 a4 17. Na1 Qc7 18. Bd3 Bxd3 19. Qxd3 Rfb8 20. h4 Qb7 21. Qa3 Bd8 22. f4 Ba5 23. c3 exf4 24. Bd4 Nb6 25. Bxb6 Bxb6 26. Nc2 Bc5 27. b4 axb3 28. Qxb3 Qc7 0-1